000 00466nam a2200181Ia 4500
001 20538
005 20260306172813.0
008 260306t2008||||xx |||||||||||||| ||spa||
041 _aESP
082 _a343.4
_bC34
100 _aCastillo Córdova, Luis
_eAUT
245 0 _aEl tribunal constitucional peruano y su dinámica jurisprudencial
260 _c2008
300 _a336 páginas :
_c24 cm.
650 _aGEN
654 _aCDE
942 _cLIB
_dJUS
_fJUS
_2ddc
_n
999 _c20538
_d20538